Musical by Longest Song Quiz Stats

Quiz Updated Jun 22, 2016

Challenge
Share
Tweet
Embed
Score 0/16 Timer 05:00
11 Plays Today
Song Musical % Correct
The Madness of King ScarThe Lion King
93.1%
You Can't Stop the Beat (Medley)Hairspray
77.2%
La Vie BohemeRent
70.2%
Winner Takes It AllMamma Mia!
58.8%
Dancing Through LifeWicked
58.7%
All-American ProphetThe Book of Mormon
55.3%
What Do you Do with a B.A. in English/It Sucks to be MeAvenue Q
55.1%
Seize the DayNewsies
48.1%
Song Musical % Correct
Non-StopHamilton
45.8%
Falling Slowly (Reprise)Once
39%
My Favorite Moment of the Bee 3/SecondThe 25th Annual Putnam County Spelling Bee
31.4%
Chip on my ShoulderLegally Blonde
30.5%
Down Once More/Track Down this MurdererThe Phantom of the Opera
29.9%
Who's Crazy/My Psychopharmacologist and INext to Normal
28.7%
Don't Do Sadness/Blue WindSpring Awakening
24.6%
The Music and the MirrorA Chorus Line
22.8%

You're not logged in!

Compare scores with friends on all Sporcle quizzes.
Sign Up with Email
OR
Log In

You Might Also Like...

Show Comments

Extras

Top Quizzes Today


Score Distribution

Your Account Isn't Verified!

In order to create a playlist on Sporcle, you need to verify the email address you used during registration. Go to your Sporcle Settings to finish the process.